000 00355cam a2200145 4500
008 040914n2005 000 0 eng u
020 _a1405117120
035 _a(Sirsi) u127367
100 _aForsyth, M.
245 _aStructures and construction
260 _aBlackwells
_c2005
350 _a42.50
520 _aDue for publication 2005
942 _n0
999 _c103761
_d103761